[Event "Rowy Jantar op"]
[Site "Rowy"]
[Date "2000.06.??"]
[Round "7"]
[White "Zurawik, Tomasz"]
[Black "Andrejczuk, Maciej"]
[Result "0-1"]
[WhiteElo "1800"]
[BlackElo "1800"]
[PlyCount "114"]
[EventDate "2000.06.??"]
[EventType "swiss"]
[EventRounds "9"]
[EventCountry "POL"]
[SourceTitle "EXT 2005"]
[Source "ChessBase"]
[SourceDate "2004.11.15"]
[SourceVersion "1"]
[SourceVersionDate "2004.11.15"]
[SourceQuality "1"]

1. d4 d5 2. c4 e6 3. Nc3 Nf6 4. Nf3 c6 5. Bg5 Nbd7 6. e3 Qa5 7. Bxf6 Nxf6 8. Nd2 Bb4 9. Qc2 Bd7 10. Bd3 Rc8 11. 0-0 Bd6 12. Nf3 h6 13. Rac1 Bb8 14. Qe2 Qc7 15. h3 g5 16. Ne5 h5 17. g3 h4 18. g4 dxc4 19. Bxc4 Nh7 20. f3 f6 21. Nd3 Qg3+ 22. Qg2 f5 23. Qxg3 hxg3 24. Kg2 Nf6 25. Ne5 f4 26. exf4 gxf4 27. Rce1 Nd5 28. Nxd5 cxd5 29. Bd3 Bxe5 30. Rxe5 Kf7 31. Ree1 a6 32. Rc1 Kf6 33. Rxc8 Rxc8 34. Re1 Bb5 35. Bxb5 axb5 36. Re2 Rc4 37. Rd2 e5 38. dxe5+ Kxe5 39. h4 Rd4 40. Re2+ Kf6 41. h5 Rd1 42. h6 d4 43. g5+ Kg6 44. Re6+ Kxg5 45. Rd6 Rd2+ 46. Kf1 Rxb2 47. a3 Rh2 48. Rxd4 Rxh6 49. Rd5+ Kh4 50. Kg2 Rh5 51. Rd4 Rf5 52. Rb4 Kg5 53. Rd4 Rc5 54. Rd3 Kf5 55. Rb3 Ke5 56. Rd3 Rd5 57. Rb3 Kd4 0-1